[Event "Aleksander x  Sinja -  Challenge"]
[Site "http://www.queenalice.com/game.php?id=499219"]
[Date "2008.11.27"]
[Round "-"]
[White "Sinja"]
[Black "Aleksander"]
[Result "0-1"]
[WhiteElo "2382"]
[BlackElo "2216"]

1. d4 d5 2. Nc3 Nf6 3. Bg5 Bf5 4. f3 Bg6 5. e4 dxe4 6. Qd2 e3 7. Bxe3 e6 8. Bc4
Bb4 9. Nge2 Nbd7 10. a3 Bxc3 11. Nxc3 Nb6 12. Ba2 Nfd5 13. Nxd5 exd5 0-1

[Event "Challenge"]
[Site "http://www.queenalice.com/game.php?id=529826"]
[Date "2009.1.26"]
[Round "-"]
[White "Sinja"]
[Black "Kiwizany"]
[Result "1-0"]
[WhiteElo "2365"]
[BlackElo "2322"]

1. d4 c6 2. e4 d5 3. Nc3 dxe4 4. Nxe4 Nd7 5. Qe2 Ndf6 6. Nf3 Nxe4 7. Qxe4 Nf6 8.
Qf4 Nd5 9. Qd2 Bg4 10. Ne5 Bf5 11. c4 Nf6 12. Be2 g6 13. O-O Bg7 14. Rd1 O-O 15.
Qe3 Re8 16. g4 Be6 17. h3 Qc7 18. b3 Nd7 19. Nd3 Nb6 20. Bb2 Rad8 21. Rab1 Bxc4
22. bxc4 Nxc4 23. Qe4 Nxb2 24. Nxb2 b5 25. Bf3 Rd6 26. Rbc1 Rc8 27. Nd3 Bxd4 28.
Nb4 c5 29. Nd5 Rxd5 30. Qxd5 Qg3+ 31. Bg2 Qxf2+ 32. Kh1 Rf8 33. Rf1 Qg3 34. Rf3
Qd6 35. Rxf7 Rxf7 36. Rf1 Qxd5 37. Bxd5 Bf6 38. g5 Kg7 39. Bxf7 Kxf7 40. a4 a6
41. axb5 axb5 42. gxf6 exf6 43. Rc1 c4 44. Rb1 Ke6 45. Rxb5 Kd6 46. Kg2 Kc6 47.
Rb8 Kd5 48. Kf3 Kd4 49. Rd8+ 1-0

[Event "Kansas City Shuffle"]
[Site "http://www.queenalice.com/game.php?id=544346"]
[Date "2009.2.21"]
[Round "-"]
[White "hendrik"]
[Black "Sinja"]
[Result "1/2-1/2"]
[WhiteElo "2370"]
[BlackElo "2376"]

1. e4 Nf6 2. e5 Nd5 3. d4 d6 4. Nf3 dxe5 5. Nxe5 c6 6. Be2 Bf5 7. O-O Nd7 8. Bd3
Bxd3 9. Nxd3 e6 10. c4 Ne7 11. Nc3 Nf6 12. Qb3 Qb6 13. Bg5 h6 14. Qxb6 axb6 15.
Bxf6 gxf6 16. d5 O-O-O 17. Nf4 exd5 18. cxd5 f5 19. Rad1 Ng6 20. Nh5 Bb4 21. Ne2
Rhe8 22. Nc3 Bxc3 23. bxc3 Re5 24. dxc6 bxc6 25. Nf6 Nf4 26. Rxd8+ Kxd8 27. Rd1+
Ke7 28. Ng8+ Kf8 29. Nf6 Re2 30. Nd7+ Kg7 31. Nxb6 Rxa2 32. Kf1 Rc2 33. c4 Ne6
34. Ke1 Nc5 35. Rd2 Rc1+ 36. Ke2 Ne4 37. Rb2 Rg1 38. Kf3 Ng5+ 39. Kg3 Ne4+ 40.
Kh3 Ng5+ 41. Kg3 1/2-1/2

[Event "AUTO-ELITE-331"]
[Site "http://www.queenalice.com/game.php?id=577380"]
[Date "2009.4.25"]
[Round "1"]
[White "Danton"]
[Black "Sinja"]
[Result "1/2-1/2"]
[WhiteElo "2270"]
[BlackElo "2389"]

1. d4 d5 2. c4 dxc4 3. Nf3 Nf6 4. e3 Bg4 5. Bxc4 e6 6. Qb3 Bxf3 7. gxf3 c5 8.
Qxb7 Nbd7 9. Nc3 cxd4 10. exd4 Bd6 11. Qa6 Bb4 12. a3 Bxc3+ 13. bxc3 O-O 14. Bd3
Rc8 15. Bd2 Nd5 16. Rc1 Qh4 17. Qd6 Rfd8 18. Qg3 Qe7 19. c4 Qxa3 20. f4 Qb2 21.
Rg1 g6 22. Rb1 Qxd4 23. cxd5 Nc5 24. Be2 Ne4 25. Qe3 Qxd2+ 26. Qxd2 Nxd2 27.
Kxd2 Rxd5+ 28. Bd3 Rc4 29. Ke3 1/2-1/2

[Event "AUTO-ELITE-331"]
[Site "http://www.queenalice.com/game.php?id=577381"]
[Date "2009.4.25"]
[Round "1"]
[White "Sinja"]
[Black "Danton"]
[Result "1-0"]
[WhiteElo "2385"]
[BlackElo "2292"]

1. d4 d5 2. Nc3 g6 3. e4 dxe4 4. Nxe4 Bg7 5. Nf3 Nf6 6. Nxf6+ Bxf6 7. Bh6 Qd5 8.
Be2 Nc6 9. c3 Bf5 10. Qb3 O-O-O 11. O-O e5 12. Bc4 Qd6 13. dxe5 Nxe5 14. Nxe5
Bxe5 15. h3 Rd7 16. Be3 Bd3 17. Bxd3 Qxd3 18. Rfd1 Qf5 19. Rxd7 Qxd7 20. Bxa7
Rd8 21. Be3 Qd5 22. Qxd5 Rxd5 23. Re1 Rb5 24. Re2 Ra5 25. a3 Kd7 26. Rd2+ Ke6
27. Kf1 Rd5 28. Ke2 b5 29. Rd3 Bd6 30. Bc1 Re5+ 31. Re3 c5 32. b3 c4 33. bxc4
bxc4 34. Rxe5+ Bxe5 35. Kd2 Kd5 36. a4 Kc6 37. Ba3 f5 38. Bb4 h5 39. Ke3 g5 40.
f3 Kd5 41. g4 f4+ 42. Kd2 hxg4 43. hxg4 Bf6 44. Kc1 Kc6 45. Kb1 Kb6 46. Ka2 Bd8
47. Ka3 1-0

[Event "AUTO-ELITE-331"]
[Site "http://www.queenalice.com/game.php?id=577384"]
[Date "2009.4.25"]
[Round "1"]
[White "pumamercedino"]
[Black "Sinja"]
[Result "0-1"]
[WhiteElo "2462"]
[BlackElo "2396"]

1. c4 e5 2. Nc3 Bb4 3. e3 Bxc3 4. bxc3 Nc6 5. Nf3 d6 6. Rb1 Nge7 7. d4 O-O 8.
Ba3 b6 9. dxe5 dxe5 10. Qxd8 Rxd8 11. Bxe7 Nxe7 12. Nxe5 Be6 13. Be2 f6 14. Nf3
c5 15. O-O Nc6 16. Rfd1 Rxd1+ 17. Rxd1 Na5 18. Bd3 Nxc4 19. Be4 Rc8 20. Bd5 Re8
21. Bc6 Re7 22. h3 Rc7 23. Bd5 Kf7 24. Kf1 b5 25. Bxe6+ Kxe6 26. Ke2 Nd6 27. Nd2
Rc6 28. Rc1 f5 29. Nb3 Ke5 30. Rc2 Nc4 31. Nd2 Kd5 32. g4 fxg4 33. hxg4 Nxd2 34.
Kxd2 Kc4 35. e4 g5 36. Ke3 Rh6 37. Re2 Kxc3 38. e5 Re6 39. Ke4 c4 40. Kf5 Re8
41. e6 Kd3 42. Re3+ Kd2 43. Re5 c3 44. Rd5+ Ke2 45. Rc5 Kd3 46. Kf6 c2 47. Kf7
Rb8 48. e7 b4 49. Ke6 Re8 50. Kd6 a5 51. Rd5+ Kc3 52. Rxg5 Kb2 53. Rc5 Rxe7 54.
Kxe7 a4 55. Rxc2+ Kxc2 56. f4 b3 57. axb3 axb3 58. f5 b2 59. f6 b1=Q 60. f7 Qb4+
61. Ke8 Qxg4 62. f8=Q Qc8+ 0-1

[Event "AUTO-ELITE-331"]
[Site "http://www.queenalice.com/game.php?id=577385"]
[Date "2009.4.25"]
[Round "1"]
[White "Sinja"]
[Black "pumamercedino"]
[Result "1-0"]
[WhiteElo "2382"]
[BlackElo "2465"]

1. d4 Nf6 2. Nc3 d5 3. Bg5 Bf5 4. f3 Nc6 5. e4 dxe4 6. Bb5 Nd5 7. Nxd5 Qxd5 8.
c4 Qe6 9. d5 Qg6 10. dxc6 bxc6 11. Ba4 Rd8 12. Qc1 h6 13. g4 Bxg4 14. fxg4 hxg5
15. Qe3 Rd3 16. Qc5 Kd7 17. Ne2 e5 18. Qxe5 Bb4+ 19. Kf1 Re8 20. Qf5+ Qxf5+ 21.
gxf5 Re5 22. Ng3 Ra5 23. b3 Bc3 24. Rc1 Re5 25. a3 Bb2 26. Rb1 Bc3 27. Rg1 e3
28. Rg2 a5 29. Re2 Bd4 30. Kg2 Bc5 31. Ra1 g4 32. h3 gxh3+ 33. Kxh3 g6 34. fxg6
fxg6 35. Kg2 Re7 36. Rf1 Bxa3 37. Rf4 Bc5 38. Kf3 Re6 39. Ne4 Bd4 40. Re1 Ba7
41. Ke2 Rd4 42. Rd1 Rxd1 43. Kxd1 Kc8 44. Ke2 Kb7 45. Rf6 Rxf6 46. Nxf6 Bd4 47.
Ne4 Kc8 48. Bxc6 Kd8 49. Ng3 Ke7 50. Nf1 Kd6 51. Be8 1-0

[Event "Challenge"]
[Site "http://www.queenalice.com/game.php?id=585305"]
[Date "2009.5.8"]
[Round "-"]
[White "limonois"]
[Black "Sinja"]
[Result "1/2-1/2"]
[WhiteElo "2326"]
[BlackElo "2384"]

1. e4 Nf6 2. e5 Nd5 3. c4 Nb6 4. c5 Nd5 5. Bc4 e6 6. Nc3 Nf4 7. g3 Ng6 8. d4 b6
9. cxb6 axb6 10. Nf3 Bb4 11. O-O O-O 12. Bg5 Ne7 13. Nb5 c6 14. Nd6 f6 15. exf6
Bxd6 16. fxe7 Bxe7 17. Bxe7 Qxe7 18. Re1 Qf6 19. Re3 Ba6 20. Bb3 c5 21. Qd2 Nc6
22. dxc5 bxc5 23. Qxd7 Nd4 24. Rxe6 Nxe6 25. Qxe6+ Kh8 26. Qxf6 gxf6 27. Rc1 c4
28. Bxc4 Rfc8 29. b3 Bb7 30. Nd4 Rxa2 31. Ne6 Rca8 32. Kf1 Rd2 33. Kg1 Raa2 34.
Re1 Bf3 35. Nf4 Kg7 36. h4 Kh6 37. Nd3 Rac2 38. Nf4 Rd6 39. Kf1 Rb2 40. Nd3 Rd2
41. Re3 Rd1+ 42. Ne1 Bd5 43. Bxd5 R6xd5 44. Kg2 Re5 45. Rxe5 fxe5 46. Nf3 e4 47.
Ng5 Re1 48. g4 e3 49. fxe3 Rxe3 50. b4 Kg6 51. Nh3 Rb3 52. Nf4+ Kf7 53. g5 Rxb4
54. Kf3 Rb3+ 55. Kg4 Kg7 1/2-1/2

[Event "Challenge"]
[Site "http://www.queenalice.com/game.php?id=589569"]
[Date "2009.5.17"]
[Round "-"]
[White "Bergman"]
[Black "Sinja"]
[Result "1-0"]
[WhiteElo "2623"]
[BlackElo "2389"]

1. d4 d5 2. c4 dxc4 3. Nf3 Nf6 4. e3 Bg4 5. Bxc4 e6 6. Qb3 Bxf3 7. gxf3 Qc8 8.
Nc3 Nc6 9. Bd2 Qd7 10. Ne4 O-O-O 11. Nxf6 gxf6 12. Rg1 Bh6 13. O-O-O Rhg8 14. f4
Rg6 15. h4 f5 16. h5 Rxg1 17. Rxg1 Ne7 18. Ba5 Nd5 19. Kb1 Re8 20. a3 c6 21. Be2
Bf8 22. Qc2 f6 23. Bf3 Kb8 24. Qc4 Qf7 25. Qc1 Bd6 26. Rg3 Rg8 27. Qg1 1-0

[Event "Challenge"]
[Site "http://www.queenalice.com/game.php?id=589570"]
[Date "2009.5.17"]
[Round "-"]
[White "Sinja"]
[Black "Bergman"]
[Result "0-1"]
[WhiteElo "2394"]
[BlackElo "2620"]

1. d4 Nf6 2. Nc3 d5 3. Bg5 Bf5 4. e3 e6 5. Bd3 h6 6. Bh4 Bxd3 7. Qxd3 c5 8. Nf3
Nc6 9. O-O cxd4 10. Bxf6 Qxf6 11. Nb5 Rc8 12. Nbxd4 Bc5 13. c3 O-O 14. Nxc6 Rxc6
15. Rad1 Rd8 16. e4 Bb6 17. Rfe1 Rc4 18. exd5 Rc5 19. Qc2 Rcxd5 20. Rxd5 Rxd5
21. c4 Rd8 22. b4 Bc7 23. h3 a5 24. a3 Qf4 25. Re3 Qd6 26. Re4 axb4 0-1

[Event "AUTO-ELITE-350"]
[Site "http://www.queenalice.com/game.php?id=596355"]
[Date "2009.5.31"]
[Round "1"]
[White "Sinja"]
[Black "Conde7"]
[Result "0-1"]
[WhiteElo "2407"]
[BlackElo "2530"]

1. d4 d5 2. Nc3 Nf6 3. Bg5 Nbd7 4. f3 c5 5. e3 e6 6. Qd2 Be7 7. Be2 O-O 8. Nh3
cxd4 9. exd4 Nb8 10. O-O Nc6 11. a3 Qb6 12. Be3 e5 13. Na4 Qc7 14. dxe5 Nxe5 15.
Nf4 Rd8 16. b3 d4 17. Bf2 Bf5 18. Nd3 Ng6 19. Rfc1 b6 20. Nab2 Nd5 21. Nc4 Bf6
22. Bg3 Qe7 23. Re1 Ne3 0-1

[Event "AUTO-ELITE-350"]
[Site "http://www.queenalice.com/game.php?id=596356"]
[Date "2009.5.31"]
[Round "1"]
[White "Conde7"]
[Black "Sinja"]
[Result "1-0"]
[WhiteElo "2556"]
[BlackElo "2394"]

1. e4 Nf6 2. e5 Nd5 3. d4 d6 4. Nf3 dxe5 5. Nxe5 c6 6. Be2 Nd7 7. Nf3 N7f6 8. c4
Nc7 9. O-O g6 10. Nc3 Bg7 11. Bf4 O-O 12. Qc1 Bg4 13. Be5 Ne6 14. Qe3 Nd7 15.
Bxg7 Nxg7 16. Rad1 Nf5 17. Qf4 Nf6 18. h3 Bxf3 19. Bxf3 Qd6 20. Qxd6 exd6 21. g4
Nh4 22. Bh1 Rfe8 23. a4 h5 24. d5 c5 25. g5 Nh7 26. Ne4 Nf5 27. Rfe1 Re7 28. f4
Rae8 29. Kf2 Kg7 30. Nd2 f6 31. Rxe7+ Rxe7 32. Ne4 fxg5 33. fxg5 Rf7 34. Rb1 a5
35. Rg1 Nf8 36. Nf6 Nd4 37. Ke3 Re7+ 38. Be4 1-0

[Event "AUTO-ELITE-350"]
[Site "http://www.queenalice.com/game.php?id=596357"]
[Date "2009.5.31"]
[Round "1"]
[White "Sinja"]
[Black "danthebugman"]
[Result "1-0"]
[WhiteElo "2392"]
[BlackElo "2155"]

1. d4 Nf6 2. Nc3 c5 3. dxc5 e6 4. e4 Nc6 5. Be3 Qa5 6. Bd3 Bxc5 7. Bxc5 Qxc5 8.
Nf3 O-O 9. O-O d5 10. exd5 exd5 11. h3 Re8 12. Re1 Bd7 13. Qd2 Rac8 14. a3 Qd6
15. Rxe8+ Rxe8 16. Nb5 Qc5 17. Re1 Rxe1+ 18. Qxe1 Ne4 19. b4 Qe7 20. Qe3 a6 21.
Nc7 Nf6 22. Qxe7 Nxe7 23. Ne5 Bf5 24. g4 Bxd3 25. cxd3 h6 26. f4 d4 27. Kg2 Ned5
28. Nxd5 Nxd5 29. Kf3 Nc3 30. Nd7 Nb1 31. a4 a5 32. bxa5 Nc3 33. Nc5 1-0

[Event "AUTO-ELITE-350"]
[Site "http://www.queenalice.com/game.php?id=596358"]
[Date "2009.5.31"]
[Round "1"]
[White "danthebugman"]
[Black "Sinja"]
[Result "0-1"]
[WhiteElo "2150"]
[BlackElo "2397"]

1. e4 Nf6 2. Nc3 e5 3. Bc4 Nxe4 4. Qh5 Nd6 5. Bb3 Be7 6. Nf3 Nc6 7. Nxe5 g6 8.
Nxc6 dxc6 9. Qf3 O-O 10. O-O Nf5 11. d3 Nd4 12. Qd1 a5 13. Re1 Bf5 14. Be3 Bf6
15. g4 Be6 16. Bxe6 Nxe6 17. Ne4 Bg7 18. c3 a4 19. Qd2 Qh4 20. f3 f5 21. Nc5
Nxc5 22. Bxc5 Rf7 23. Qf4 fxg4 24. Qxg4 Qxg4+ 25. fxg4 Rf4 26. Re4 Rxe4 27. dxe4
Rd8 28. Rf1 b6 29. Ba3 Rd2 30. Rf2 Rd3 31. Kg2 c5 0-1

[Event "AUTO-ELITE-331"]
[Site "http://www.queenalice.com/game.php?id=606550"]
[Date "2009.6.20"]
[Round "2"]
[White "PackoJones"]
[Black "Sinja"]
[Result "1/2-1/2"]
[WhiteElo "2537"]
[BlackElo "2387"]

1. e4 Nf6 2. e5 Nd5 3. d4 d6 4. Nf3 dxe5 5. Nxe5 c6 6. Bd3 Nd7 7. Nf3 g6 8. c4
Nc7 9. O-O Bg7 10. Nc3 O-O 11. Re1 Nb6 12. h3 Ne6 13. c5 Nd5 14. Bc4 Nxc3 15.
bxc3 b6 16. Rb1 Qc7 17. cxb6 axb6 18. a4 Qa7 19. Bd3 Ba6 20. Be4 Qc7 21. Bd2
Rfb8 22. Qb3 b5 23. Ra1 Qd6 24. Qa3 b4 25. cxb4 Nxd4 26. Nxd4 Bxd4 27. Rad1 Bb5
28. a5 e5 29. Bc3 Rd8 30. Bf3 Qf6 31. Qa1 Ra7 32. Bxd4 exd4 33. Re4 Rad7 34. Bg4
Rd6 35. a6 c5 36. bxc5 Rxa6 37. Qb2 Bc6 38. Rexd4 Kg7 39. Qe2 Rxd4 40. Qxa6
Rxd1+ 41. Bxd1 Qd4 42. Qxc6 Qxd1+ 43. Kh2 Qd4 44. Qd6 Qxd6+ 45. cxd6 Kf6 46. Kg3
Ke6 47. Kf4 1/2-1/2

[Event "AUTO-ELITE-331"]
[Site "http://www.queenalice.com/game.php?id=606551"]
[Date "2009.6.20"]
[Round "2"]
[White "Sinja"]
[Black "PackoJones"]
[Result "0-1"]
[WhiteElo "2401"]
[BlackElo "2527"]

1. d4 d5 2. Nf3 Nf6 3. c4 c6 4. Nc3 a6 5. Ne5 e6 6. g3 Nbd7 7. Nxd7 Bxd7 8. Qd3
c5 9. Bg2 dxc4 10. Qxc4 b5 11. Qd3 Rc8 12. dxc5 Bxc5 13. Be3 Bxe3 14. Qxe3 Bc6
15. Bxc6+ Rxc6 16. O-O O-O 17. Rfd1 Qe7 18. Rac1 h6 19. a3 Qc7 20. Na2 a5 0-1

[Event "Challenge"]
[Site "http://www.queenalice.com/game.php?id=695389"]
[Date "2009.12.9"]
[Round "-"]
[White "Sinja"]
[Black "manucies"]
[Result "1-0"]
[WhiteElo "2401"]
[BlackElo "1596"]

1. d4 d5 2. Nf3 Nf6 3. g3 Bf5 4. Bg2 c6 5. O-O e6 6. c4 Bxb1 7. Rxb1 b6 8. cxd5
cxd5 9. Ne5 Bd6 10. Qa4+ Nbd7 11. Bf4 Bxe5 12. dxe5 Ng4 13. e4 g5 14. Bd2 Nxe5
15. exd5 exd5 16. Bb4 a6 17. Rfe1 b5 18. Qb3 f6 19. Qxd5 Qb6 20. Qxa8+ Nb8 21.
Rxe5+ 1-0

[Event "Challenge"]
[Site "http://www.queenalice.com/game.php?id=695834"]
[Date "2009.12.10"]
[Round "-"]
[White "ClivetheBeard"]
[Black "Sinja"]
[Result "0-1"]
[WhiteElo "2384"]
[BlackElo "2402"]

1. b3 e5 2. Bb2 Nc6 3. c4 Bc5 4. e3 Nf6 5. a3 d5 6. b4 Bd6 7. cxd5 Nxd5 8. Qc2
O-O 9. Nf3 Be6 10. Be2 a6 11. d3 f6 12. Nbd2 Qe8 13. O-O Rd8 14. Nc4 Be7 15. g3
Qg6 16. Nh4 Qf7 17. e4 Nb6 18. Nf3 Nxc4 19. dxc4 a5 20. b5 Nb8 21. Nd2 Nd7 22.
Rad1 Qg6 23. Bf3 h5 24. Nb3 b6 25. Qe2 Qf7 26. Rd5 g6 27. Rfd1 Bxd5 28. exd5 Qh7
29. Rd3 a4 30. Nd2 Bd6 31. Bg2 f5 32. Re3 Bc5 33. Nf3 Qh6 34. Nxe5 Bxe3 35. Qxe3
Qxe3 36. fxe3 g5 37. Nf3 Rde8 38. Nxg5 Rxe3 39. d6 Rd3 40. dxc7 Rc8 41. Ne6 Kf7
42. Bb7 Kxe6 43. Bxc8 Kd6 44. Bxd7 Kxd7 45. Be5 Rxa3 46. Kf2 Rb3 47. Ke2 a3 0-1

[Event "Challenge"]
[Site "http://www.queenalice.com/game.php?id=729411"]
[Date "2010.2.10"]
[Round "-"]
[White "ClivetheBeard"]
[Black "Sinja"]
[Result "0-1"]
[WhiteElo "2345"]
[BlackElo "2410"]

1. g3 d5 2. Bg2 c6 3. e4 dxe4 4. Bxe4 e5 5. d3 Bc5 6. Nc3 Nf6 7. Bg2 Be6 8. Qe2
O-O 9. Nf3 Re8 10. O-O Nbd7 11. Ne4 Nxe4 12. dxe4 f6 13. Be3 Bxe3 14. Qxe3 Qb6
15. Qxb6 axb6 16. Rfd1 Nc5 17. Ne1 Na4 18. Nd3 c5 19. b3 Nc3 20. Re1 Rxa2 21.
Rxa2 Nxa2 22. Ra1 Nc3 23. Ra7 Re7 24. f4 exf4 25. Nxf4 Kf7 26. Nd5 Bxd5 27. exd5
Nb5 28. Ra8 Re8 29. Ra1 Ke7 30. Re1+ Kd7 31. Bh3+ Kd8 32. Ra1 Kc7 33. Bf5 h6 34.
Bg6 Rd8 35. c4 Nd4 36. Rb1 Ra8 37. Rb2 Ra3 38. b4 Nf3+ 39. Kf2 Ne5 40. bxc5 Nxg6
41. Rxb6 Ra2+ 42. Ke3 Rxh2 43. d6+ Kc8 44. c6 bxc6 45. Rxc6+ Kd7 0-1